000 00748nam a2200241 i 4500
001 8133
003 ES-MaACL
005 20250805002911.0
007 t|
008 920224s1991 sp |||| |bspa d
020 _a84-7954-004-4
080 _a821.134.2-31"19"
080 _a929 Vega, Lope de
100 1 _aVillacorta Baños, Antonio,
_d1944-
_9114912
245 1 0 _aLope de Vega
_b: autobiografía novelada /
_cAntonio Villacorta Baños.
260 _aMadrid :
_bLibertarias,
_c[1991]
300 _a287 p. ;
_c20 cm.
490 1 _aTres de cuatro soles ;
_v14
600 1 7 _aVega, Lope de,
_d1562-1635-
_vNovelas
_2
_9161665
830 0 _aTres de cuatro soles ;
_v14
_9178061
852 _aES-MaACL
_jL-15558
999 _c8133
_d8133